| 000 | 00903cam a2200217 4500 | ||
|---|---|---|---|
| 001 | WB3909-03 | ||
| 008 | 030304n2003 000 0 eng u | ||
| 035 | _a(Sirsi) u121505 | ||
| 245 | 4 | _aThe case of the missing £1bn | |
| 260 | _c2003 | ||
| 490 |
_aBuilding Design _v(1568) 28 February 2003, 10(1) |
||
| 520 | _aAccording to the new BRE report, poor workmanship and poor communication between architects, builders and supervisors, wastes £1bn a year. "Construction site communication", which condemns day-to-day professional practices on building sites, is available from http://www.brebookshop.com or +44 (0)20 7505 6622. Also available via RICS Books, http://www.ricsbooks.com | ||
| 590 | _aWB | ||
| 650 | _aBUILDING SITES | ||
| 650 | _aREPAIRS | ||
| 650 | _aWORKMANSHIP | ||
| 650 | _aPROFESSIONAL PRACTICES | ||
| 650 | _aSKILLS SHORTAGES | ||
| 690 | _aBUILT ENVIRONMENT | ||
| 942 | _n0 | ||
| 999 |
_c72210 _d72210 |
||